Test de física: cinemática, ondas, gráficos, calor, mecánica, óptica, electricidad

Сохранить в:
Библиографические подробности
Главный автор: Mercado Schüler, Carlos (autor)
Формат:
Язык:испанский
Опубликовано: Santiago Universitaria 1974
Предметы:
Метки: Добавить метку
Нет меток, Требуется 1-ая метка записи!

MARC

LEADER 00000nam a2200000 a 4500
001 UCT1985
003 CL-VaPUC
008 961004e19740000CL |||||||||||||||||spa|d
082 0 4 |a 530  |b MER  |2 21 
100 |a Mercado Schüler, Carlos  |e autor  |9 544273 
245 1 0 |a Test de física: cinemática, ondas, gráficos, calor, mecánica, óptica, electricidad 
300 |a 100 p 
942 |c BK 
945 |d 19961004 00:00:00  |a paguirre 
260 |a Santiago  |b Universitaria  |c 1974 
650 0 |a Física   |9 227844 
650 0 |a Cinemática  |9 260942 
650 0 |a Mecánica   |9 260096 
650 0 |a Calor específico  |9 259409 
650 0 |a Optica   |9 263171 
650 0 |a Electricidad  |9 260222 
583 |a last modification  |c 19961004 00:00:00  |k Rodrigo Vera 
999 |c 252293  |d 252291 
952 |0 0  |1 0  |4 0  |6 530_000000000000000_MER_1974  |7 0  |8 A  |9 272080  |a BIBCUR  |b BIBCUR  |d 2019-11-19  |i 1756540  |o 530 MER 1974  |p 1756540  |r 2025-04-22  |w 2019-11-19  |y BK  |k BCB